Normal view
MARC view
- Jadhav,Vijay J.
Entry Personal Name
001 - CONTROL NUMBER
- control field: 1146
003 - CONTROL NUMBER IDENTIFIER
- control field: OSt
005 - DATE AND TIME OF LATEST TRANSACTION
- control field: 20160723144538.0
008 - FIXED-LENGTH DATA ELEMENTS
- fixed length control field: 160723|| aca||aabn | a|a d
040 ## - CATALOGING SOURCE
- Original cataloging agency: OSt
- Transcribing agency: OSt
100 ## - HEADING--PERSONAL NAME
- Personal name: Jadhav,Vijay J.
670 ## - SOURCE DATA FOUND
- Source citation: Work cat.: (OSt): Garg,Sudhi Ranjan 1145, Handbook of Quality Control of Dairy and Meat Products, 2012
